NHL Top Goal Scorers Quiz - Statistics

General Stats
  • This quiz has been taken 74 times
  • The average score is 21 of 23
Answer Stats
Year Goals Team Player % Correct
2019 51 Washington Capitals Alexander Ovechkin
100%
2018 49 Washington Capitals Alexander Ovechkin
100%
2016 50 Washington Capitals Alexander Ovechkin
100%
2015 53 Washington Capitals Alexander Ovechkin
100%
2014 51 Washington Capitals Alexander Ovechkin
100%
2013* 32 Washington Capitals Alexander Ovechkin
100%
2009 56 Washington Capitals Alexander Ovechkin
100%
2008 65 Washington Capitals Alexander Ovechkin
100%
2017 44 Pittsburgh Penguins Sidney Crosby
100%
2010 51 Pittsburgh Penguins Sidney Crosby
100%
2012 60 Tampa Bay Lightning Steven Stamkos
100%
2010 51 Tampa Bay Lightning Steven Stamkos
100%
2004 41 Calgary Flames Jarome Iginla
93%
2002 52 Calgary Flames Jarome Iginla
93%
2004 41 Columbus Blue Jackets Rick Nash
91%
2011 50 Anaheim Ducks Corey Perry
90%
2007 52 Tampa Bay Lightning Vincent Lecavalier
84%
1999 47 Mighty Ducks of Anaheim Teemu Selanne
83%
2004 41 Atlanta Thrashers Ilya Kovalchuck
81%
2001 59 Florida Panthers Pavel Bure
78%
2000 58 Florida Panthers Pavel Bure
78%
2006 56 San Jose Sharks Jonathan Cheechoo
69%
2003 50 Colorado Avalanche Milan Hejduk
57%
No matching quizzes found
Score Distribution
Percent of People with Each Score
Percentile by Number Answered
Your Score History
You have not taken this quiz